Construcción de un modelo explicativo acerca de la constitución de la materia con alumnos de la básica primaría. Informe final.

La investigación busca que el conocimiento que adquieren los estudiantes surja de la interacción entre alumnos y maestros partiendo de sus propios intereses generando un conocimiento que es nuevo para ambas partes, obteniendo de este modo una transformación en el proceso de aprendizaje. Otro propósi...

Descripció completa

Guardat en:
Dades bibliogràfiques
Autor principal: Vargas Nieto, Margarita Lucy
Altres autors: Sandoval Osorio, Sandra
Format: Llibre
Idioma:Spanish
Publicat: Bogotá : IDEP, 1997
Matèries:
Accés en línia:Enlace del recurso
Etiquetes: Afegir etiqueta
Sense etiquetes, Sigues el primer a etiquetar aquest registre!

MARC

LEADER 00000cam a2200000 a 4500
001 000373
003 OST
005 20250522081551.0
007 ta
008 080206s1997 ck f o000 | spa
999 |c 2526  |d 2526 
040 |a CNA-IDEP  |b SPA  |e RCAA 
041 0 |a spa 
084 |a INV87 
100 1 |a Vargas Nieto, Margarita Lucy  |9 17798 
245 1 |a Construcción de un modelo explicativo acerca de la constitución de la materia con alumnos de la básica primaría. Informe final.   |c Por Margarita Lucy Vargas Nieto y Sandra Sandoval Osorio. 
260 3 |a Bogotá :  |b IDEP,  |c 1997 
300 |a 71 páginas. 
504 |a Bibliografía: Página 61. 
520 3 |a La investigación busca que el conocimiento que adquieren los estudiantes surja de la interacción entre alumnos y maestros partiendo de sus propios intereses generando un conocimiento que es nuevo para ambas partes, obteniendo de este modo una transformación en el proceso de aprendizaje. Otro propósito fundamental es comparar las diferentes maneras de describir, relacionar y representar de los niños e incentivar en ellos su capacidad analítica, descriptiva y argumentativa. 
650 1 7 |a Estrategias de aprendizaje  |2 BNE  |9 17810 
650 1 7 |a Métodos pedagógicos  |2 ELSST  |9 17764 
650 1 7 |a Niveles educativos  |2 ELSST  |9 17811 
650 1 7 |a Sistemas educativos  |2 ELSST  |9 4418 
650 1 4 |a Investigaciones  |9 4956 
700 1 |a Sandoval Osorio, Sandra  |9 1264 
942 |2 LOC  |c MO  |h INV87  |i Ej. 1  |6 INV_87_000000000000000_EJ__1 
856 |u https://catalogo.idep.edu.co/cgi-bin/koha/opac-detail.pl?biblionumber=2526  |z Enlace del recurso